banner koha

Ensaio imunoenzimático indireto para detecção de anticorpos IgG anti-Toxoplasma gondii em gatos na cidade de Belém do Pará, Brasil (Registro n. 210527)

MARC details
000 -LÍDER
campo de controle de tamanho fixo 01043nas a2200337 4500
001 - NÚMERO DE CONTROLE
campo de controle BR2010005929
003 - IDENTIFICADOR DO NÚMERO DE CONTROLE
campo de controle BR-BrBNA
005 - DATA E HORÁRIO DA ÚLTIMA TRANSAÇÃO
campo de controle 20231205114807.0
007 - CAMPO FIXO DE DESCRIÇÃO FÍSICA--INFORMAÇÃO GERAL
campo de controle de tamanho fixo ta
008 - CAMPO DE DADOS FIXOS--INFORMAÇÃO GERAL
campo de controle de tamanho fixo 230509b bl.|||p| |||| 00| 00por d
040 ## - FONTE DA CATALOGAÇÃO
Instituição da catalogação original BR-BrBNA
Idioma da catalogação por
Instituição que transcreveu o registro Biblioteca Nacional de Agricultura
041 ## - CÓDIGO DE IDIOMA
Código do idioma do texto/trilha sonora ou título diferente (Pt)
072 ## - CÓDIGO DE CATEGORIA DE ASSUNTO
Código de Categoria de Assunto L73
100 1# - ENTRADA PRINCIPAL--NOME PESSOAL
Nome pessoal Meneses, A.M.C.
100 1# - ENTRADA PRINCIPAL--NOME PESSOAL
Nome pessoal Negrão, K.A.
100 1# - ENTRADA PRINCIPAL--NOME PESSOAL
Nome pessoal Miranda, C.F.
100 1# - ENTRADA PRINCIPAL--NOME PESSOAL
Nome pessoal Bastos, R.K.G.
100 1# - ENTRADA PRINCIPAL--NOME PESSOAL
Nome pessoal Souza, N.F. de
100 1# - ENTRADA PRINCIPAL--NOME PESSOAL
Nome pessoal Kuroda, R.B. dos S.
100 1# - ENTRADA PRINCIPAL--NOME PESSOAL
Nome pessoal Moraes, C.C.G. de
100 1# - ENTRADA PRINCIPAL--NOME PESSOAL
Nome pessoal Benigno, R.N.M.
245 1# - TÍTULO
Título Ensaio imunoenzimático indireto para detecção de anticorpos IgG anti-Toxoplasma gondii em gatos na cidade de Belém do Pará, Brasil
650 ## - ASSUNTO--TERMO TÓPICO
Cabeçalho tópico ou nome geográfico GATO
650 ## - ASSUNTO--TERMO TÓPICO
Cabeçalho tópico ou nome geográfico TOXOPLASMOSE
650 ## - ASSUNTO--TERMO TÓPICO
Cabeçalho tópico ou nome geográfico DIAGNÓSTICO
650 ## - ASSUNTO--TERMO TÓPICO
Cabeçalho tópico ou nome geográfico ANTICORPO
650 ## - ASSUNTO--TERMO TÓPICO
Cabeçalho tópico ou nome geográfico PROFILAXIA
773 0# - ENTRADA ANALÍTICA
Título Revista de Ciências Agrárias (Brazil)
ISSN - International Standard Serial Number ISSN 1517-591X
Partes relacionadas (Jul-Dec 2009), (no. 52) p. 99-105
Número de controle do registro BR2010005929
909 ## -
-- 202311
-- Lúcia
-- 55
-- Lúcia Elande
942 ## - ELEMENTOS DE ENTRADA ADICIONADOS (KOHA)
Fonte da classificação ou esquema de arquivamento na estante Classificação AGRIS
Ocultar no OPAC Não
Tipo de material Koha Analítica
Exemplares
Situação do descarte Fonte da classificação ou esquema de arquivamento na estante Situação física Não pode ser emprestado Biblioteca de origem Biblioteca atual Localização na estante Enumeração do periódico / cronologia Total de empréstimos Data de último acesso Número do exemplar Tipo de material Koha Fonte de aquisição
  Classificação AGRIS   Consulta local Biblioteca Nacional de Agricultura - Binagri Biblioteca Nacional de Agricultura - Binagri   (Jul-Dec 2009), (no. 52) p. 99-105   29/11/2023 01 Periódicos Portaria Interministerial nº 164/94

BINAGRI

Telefone: (61)3218-2567/2388/3357/2097 - binagri@agro.gov.br

Ministério da Agricultura e Pecuária , Esplanada dos Ministérios, Bloco D, Anexo B, Brasília/DF, CEP: 70.043-900